LIBRARY & INFORMATION CENTRE, KCAET, TAVANUR

ONLINE PUBLIC ACCESS CATALOGUE (OPAC)

Fish processing : Sustainability and new opportunities (Record no. 13740)

MARC details
000 -LEADER
fixed length control field 00511cam a2200157 a 4500
020 ## - INTERNATIONAL STANDARD BOOK NUMBER
ISBN 9781405190473 (hardback : alk. paper)
020 ## - INTERNATIONAL STANDARD BOOK NUMBER
ISBN 1405190477 (hardback : alk. paper)
082 00 - DEWEY DECIMAL CLASSIFICATION NUMBER
Classification number 664.94
Item number HAL/FI
245 00 - TITLE STATEMENT
Title Fish processing : Sustainability and new opportunities
260 ## - PUBLICATION, DISTRIBUTION, ETC. (IMPRINT)
Place of publication Chichester, West Sussex, U.K. ;
-- Ames, Iowa, :
Name of publisher Wiley-Blackwell Pub.,
Year of publication 2011.
300 ## - PHYSICAL DESCRIPTION
Number of Pages x, 296 p. :
Other physical details ill. ;
650 #0 - SUBJECT ADDED ENTRY--TOPICAL TERM
Topical Term Fishery processing.
650 #0 - SUBJECT ADDED ENTRY--TOPICAL TERM
Topical Term Fishery technology.
700 1# - ADDED ENTRY--PERSONAL NAME
Personal name Hall, G. M.,
942 ## - ADDED ENTRY ELEMENTS (KOHA)
Koha item type Books
Holdings
Withdrawn status Lost status Damaged status Collection code Home library Current library Shelving location Date acquired Source of acquisition Cost, normal purchase price Full call number Accession Number Koha item type
      Reference KAUAET KAUAET Reference1 31/03/2012 International Books & Periodicals Supply Service, Delhi 10896.00 664.94 HAL/FI 23488 Books
free website counter